00390 a2200109 4500001001000000005001700010008004100027245011000068100002600178700002000204773005600224ART_4249120260410161756.0260409a 10aIngresos brutos. Provincia de Buenos Aires. La alícuota aplicable al caso especial de la construcción1 aRadiminski, Carlos L.1 aKaplan, Hugo E.0 tDoctrina tributariag- Nº 361 (abr. 2010)wREV4296